000 00656nam a2200241Ia 4500
003 OSt
005 20221005113719.0
006 a|||||r|||| 00| 0
007 ta
008 221004b |||||||| |||| 00| 0 urd d
020 _c280
024 _a28003
037 _b2287, 23/03/2007, Kitabi Duniya
_cTextual
040 _aCRL
_cCRL
_burd
041 _2urd
_aurd
082 _aO168:gxN15,2, M4
100 _aRabbani Ghulame
_9624808
245 0 _aAdbi Rujhanat
260 _c1984
650 _aURDU LITERATURE
942 _hO168:gxN15,2, M4
_cTEXL
_2cc
999 _c1029028
_d1029028